000 00515nam a2200193Ia 4500
003 LK-CoDNM
008 010623t1921 xxu||||| |||| 00| 1 sin d
040 _aLK-CoDNM
_dLK-CoDNM
_eLK-CoDNM
041 _asin
080 _a104 E.10
245 _aළමයින්ගේ මිත්‍රයා
246 _aThe Children's Friend
260 _bD.L.Wjayasuriya
_aColombo
_c1921
300 _b14p., 21 cm
650 _aChildren
650 _aKing Panduvasdew
700 _aAbhayarathna,K.D.A
_eed.
942 _cBK
999 _c90867
_d90867